000 00513ntaaa2200193 4500
003 01
005 20251027202827.0
008 0714s1973 ag 01
040 _aAR-BaBN
_bspa
_cAR-BaBN
_eaacr
_dRIC
082 _a922.0000 A11
100 _aAlbus, Harry J
_928547
245 _aThe boy from Northfield
250 _a1 ed.
260 _aGrand Rapids :
_bWilliam B Eerdmans Publishing Co.,
_cc1956
300 _a89 p
650 _aMoody, D.L.-biografĂ­a
_918852
650 _abiografĂ­a-Moody
_928818
942 _cBK
999 _c23649
_d23649